Call of Duty Characters Picture Quiz - Statistics

General Stats
  • This quiz has been taken 78 times
  • The average score is 10 of 20
Answer Stats
Picture Answer % Correct
Ghost
98%
Captain Price
95%
John "Soap" MacTavish
92%
Frank Woods
81%
Alex Mason
76%
Vladimir Makarov
71%
Raul Menendez
61%
Gaz
55%
General Shepherd
50%
Victor Reznov
48%
Riley
47%
Sandman
40%
Nikolai
35%
Richtofen
35%
Tank Dempsey
34%
Imran Zakhaev
29%
Takeo
24%
Sergeant Foley
19%
Corporal Dunn
15%
Tom Sullivan
6%
No matching quizzes found
Score Distribution
Percent of People with Each Score
Percentile by Number Answered
Your Score History
You have not taken this quiz